[Event "FRA-ch U14 Girls"]
[Site "Hyeres"]
[Date "2019.04.16"]
[Round "4"]
[White "Chenevat, Montaine"]
[Black "Cornileau, Juliette"]
[Result "1/2-1/2"]
[WhiteElo "1430"]
[BlackElo "1705"]
[PlyCount "88"]
[EventDate "2019.04.14"]
[EventType "swiss"]
[EventRounds "9"]
[EventCountry "FRA"]
[SourceTitle "CBM 190 Extra"]
[Source "ChessBase"]
[SourceDate "2019.07.15"]
[SourceVersion "1"]
[SourceVersionDate "2019.07.15"]
[SourceQuality "1"]

1. d4 d5 2. Nf3 c6 3. Bf4 Bf5 4. e3 Nf6 5. h3 h6 6. Bd3 Bxd3 7. Qxd3 e6 8. Nbd2 Bd6 9. Ne5 Qc7 10. Ndf3 Ne4 11. 0-0 Nd7 12. c4 Qd8 13. c5 Bc7 14. b4 Ng5 15. Rab1 Nxf3+ 16. Nxf3 Bxf4 17. exf4 Qf6 18. Qd2 0-0 19. b5 Rab8 20. Qa5 Qxf4 21. bxc6 bxc6 22. Qxa7 Rfd8 23. Qa6 Qc7 24. Rb3 Ra8 25. Qe2 Ra7 26. Qb2 Rda8 27. a3 Rb8 28. Rxb8+ Nxb8 29. Rb1 Nd7 30. Qb4 Kh7 31. Ne1 Qf4 32. Nd3 Qe4 33. Qc3 Kg8 34. Re1 Qf5 35. Nb4 Rc7 36. a4 Qf6 37. Qa1 Qd8 38. a5 Qa8 39. Qa4 Nb8 40. Ra1 Ra7 41. a6 Kh8 42. Qa5 Nd7 43. Qa4 Nb8 44. Qa5 Nd7 1/2-1/2